<?xml version="1.0" encoding="UTF-8"?>
<collection xmlns="http://www.loc.gov/MARC21/slim">
<record>
  <controlfield tag="001">7421</controlfield>
  <controlfield tag="005">20250123152510.0</controlfield>
  <datafield tag="037" ind1=" " ind2=" ">
    <subfield code="a">SEMIN-2025-0020</subfield>
  </datafield>
  <datafield tag="100" ind1=" " ind2=" ">
    <subfield code="a">Deshpande, Ketaki</subfield>
  </datafield>
  <datafield tag="245" ind1=" " ind2=" ">
    <subfield code="a">Electron Density Mapping: Insights from Radio and In-Situ Observations &amp; EUHFORIA Modeling</subfield>
  </datafield>
  <datafield tag="260" ind1=" " ind2=" ">
    <subfield code="c">2025</subfield>
  </datafield>
  <datafield tag="269" ind1=" " ind2=" ">
    <subfield code="c">2025-01-08</subfield>
  </datafield>
  <datafield tag="520" ind1=" " ind2=" ">
    <subfield code="a">Mapping the coronal electron density remains a challenging task, as we still rely on rather old 1D electron density models, most of which are derived from remote sensing observations and lack validation with in situ measurements. The novel observations from Parker Solar Probe (PSP) provide a unique opportunity to validate these models and enhance space weather modeling capabilities. In this study, we analyze type Ill radio bursts observed during PSP's second perihelion. By employing radio triangulation, we estimate the 3D radio source positions and map the electron densities along the burst propagation path. These results are then compared with in situ electron density measurements from PSP. Additionally, we use EUHFORIA (European Heliospheric Forecasting Information Asset) to model electron densities at the PSP location and the radio source positions. Our findings indicate that bursts occurring within a few minutes from the same source can exhibit significantly different propagation paths. A comparison between radio-derived and in sit densities reveals a discrepancy of one order of magnitude. We also perform simulations using GONG and ADAPT -GONG magnetic maps as input. Both simulations suggest that type III bursts propagate along higher-density regions; however, results obtained with ADAPT - GONG maps show a better match with PSP in sit densities and predict higher density values overall.</subfield>
  </datafield>
  <datafield tag="536" ind1=" " ind2=" ">
    <subfield code="a">3BOURSE_DESHPANDE/</subfield>
    <subfield code="c">3BOURSE_DESHPANDE/</subfield>
    <subfield code="f">3BOURSE_DESHPANDE</subfield>
  </datafield>
  <datafield tag="594" ind1=" " ind2=" ">
    <subfield code="a">STCE</subfield>
  </datafield>
  <datafield tag="653" ind1="1" ind2=" ">
    <subfield code="a">Electron density</subfield>
  </datafield>
  <datafield tag="653" ind1="1" ind2=" ">
    <subfield code="a">Type III radio Bursts</subfield>
  </datafield>
  <datafield tag="653" ind1="1" ind2=" ">
    <subfield code="a">Triangulation</subfield>
  </datafield>
  <datafield tag="653" ind1="1" ind2=" ">
    <subfield code="a">EUHFORIA</subfield>
  </datafield>
  <datafield tag="773" ind1=" " ind2=" ">
    <subfield code="t">Indian Institute of Technology Indore (IITI), India</subfield>
  </datafield>
  <datafield tag="856" ind1="0" ind2=" ">
    <subfield code="f">ketaki.deshpande@ksb-orb.be</subfield>
  </datafield>
  <datafield tag="856" ind1="4" ind2=" ">
    <subfield code="s">1190832</subfield>
    <subfield code="u">http://publi2-as.oma.be/record/7421/files/Ketaki_IITI_seminar.png</subfield>
  </datafield>
  <datafield tag="856" ind1="4" ind2=" ">
    <subfield code="s">20301</subfield>
    <subfield code="u">http://publi2-as.oma.be/record/7421/files/Ketaki_IITI_seminar.gif?subformat=icon</subfield>
    <subfield code="x">icon</subfield>
  </datafield>
  <datafield tag="856" ind1="4" ind2=" ">
    <subfield code="s">24813</subfield>
    <subfield code="u">http://publi2-as.oma.be/record/7421/files/Ketaki_IITI_seminar.jpg?subformat=icon-180</subfield>
    <subfield code="x">icon-180</subfield>
  </datafield>
  <datafield tag="980" ind1=" " ind2=" ">
    <subfield code="a">SEMIN</subfield>
  </datafield>
</record>
</collection>